| 000 | 00745nam a22002297a 4500 | ||
|---|---|---|---|
| 999 |
_c167934 _d167934 |
||
| 005 | 20190923163150.0 | ||
| 010 | _aENG-126518 | ||
| 020 |
_c775.00 _a9789353166595 |
||
| 035 | _aEN-110050 | ||
| 037 | _bDBAD/PUB | ||
| 082 |
_a620.103 _212th |
||
| 100 | _aBeer, Ferdinand P | ||
| 245 |
_aStatics : _cFerdinand P.Beer...[et.,all] |
||
| 260 |
_aTamil Nadu _bMcGraw Hill Education _c2018 |
||
| 270 |
_bChennai _a444/1, Sri Ekambara Naicker Industrial Estate, Alapakkam Porur _e600116 _minfo.india@mheducation.com _k18001035875 |
||
| 300 |
_axii614p. _c24cm,(pbk) |
||
| 500 | _aIncludes index | ||
| 700 | _aJr., E. Russell John | ||
| 700 | _aMazurek, David F. | ||
| 700 | _aSanghi, Sanjeev | ||
| 942 |
_2ddc _cEN _h620.103 _mBEE |
||